Получение диоксида урана высокотемпературным пирогидролизом обогащенного ГФУ; Известия вузов. Физика; Т. 58, № 2-2

Bibliografski detalji
Parent link:Известия вузов. Физика.— , 1958-
Т. 58, № 2-2.— 2015.— [С. 161-166]
Autor kompanije: Национальный исследовательский Томский политехнический университет
Daljnji autori: Солоненко В. А. Виктор Александрович, Бутов В. Г. Владимир Григорьевич, Ящук А. А. Алексей Александрович, Тимченко С. Н. Сергей Николаевич
Sažetak:Заглавие с экрана
Рассматриваются вопросы разработки математической модели расчета аэродинамических характеристик течения гетерогенного потока в реакторе установки получения порошка диоксида урана методом восстановительного пирогидролиза гексафторида урана.
Problems of the creating mathematical model for calculating the aerodynamic characteristics of the heterogeneous flow in the chemical reactor for production of uranium dioxide powder by pyrohydrolysis of uranium hexafluoride are considering in this paper.
Режим доступа: по договору с организацией-держателем ресурса
Jezik:ruski
Izdano: 2015
Teme:
Online pristup:http://elibrary.ru/item.asp?id=25864701
Format: Elektronički Poglavlje knjige
KOHA link:https://koha.lib.tpu.ru/cgi-bin/koha/opac-detail.pl?biblionumber=648881

MARC

LEADER 00000naa0a2200000 4500
001 648881
005 20250512131153.0
035 |a (RuTPU)RU\TPU\network\14040 
090 |a 648881 
100 |a 20160609d2015 k||y0rusy50 ca 
101 0 |a rus 
102 |a RU 
135 |a drcn ---uucaa 
181 0 |a i  
182 0 |a b 
200 1 |a Получение диоксида урана высокотемпературным пирогидролизом обогащенного ГФУ  |d Obtaining the uranium dioxide by high temperature pyrohydrolysis of the enriched UF 6  |f В. А. Солоненко [и др.] 
203 |a Текст  |c электронный 
300 |a Заглавие с экрана 
320 |a [Библиогр.: 9 назв.] 
330 |a Рассматриваются вопросы разработки математической модели расчета аэродинамических характеристик течения гетерогенного потока в реакторе установки получения порошка диоксида урана методом восстановительного пирогидролиза гексафторида урана. 
330 |a Problems of the creating mathematical model for calculating the aerodynamic characteristics of the heterogeneous flow in the chemical reactor for production of uranium dioxide powder by pyrohydrolysis of uranium hexafluoride are considering in this paper. 
333 |a Режим доступа: по договору с организацией-держателем ресурса 
461 |t Известия вузов. Физика  |d 1958- 
463 |t Т. 58, № 2-2  |v [С. 161-166]  |d 2015 
510 1 |a Obtaining the uranium dioxide by high temperature pyrohydrolysis of the enriched UF 6  |z eng 
610 1 |a электронный ресурс 
610 1 |a труды учёных ТПУ 
610 1 |a пирогидролиз 
610 1 |a псевдоожиженный слой 
610 1 |a математическое моделирование 
701 1 |a Солоненко  |b В. А.  |g Виктор Александрович 
701 1 |a Бутов  |b В. Г.  |c физик  |c профессор Томского политехнического университета, доктор физико-математических наук  |f 1944-  |g Владимир Григорьевич  |3 (RuTPU)RU\TPU\pers\25813  |9 11686 
701 1 |a Ящук  |b А. А.  |g Алексей Александрович 
701 1 |a Тимченко  |b С. Н.  |c физик  |c доцент Томского политехнического университета, кандидат технических наук  |f 1980-  |g Сергей Николаевич  |3 (RuTPU)RU\TPU\pers\25835  |9 11708 
712 0 2 |a Национальный исследовательский Томский политехнический университет  |c (2009- )  |9 26305 
801 2 |a RU  |b 63413507  |c 20160609  |g RCR 
850 |a 63413507 
856 4 |u http://elibrary.ru/item.asp?id=25864701 
942 |c CF